|
|
|
|
| LEADER |
01105nam a22002777a 4500 |
| 001 |
27688 |
| 003 |
BD-DhAAL |
| 008 |
131102s2013 ja a|||| b||| 00| 0 eng |
| 020 |
|
|
|a 9784431542483
|
| 020 |
|
|
|a 978443154290
|
| 082 |
|
|
|2 21
|a 363.7387495492
|
| 245 |
|
|
|a Climate change adaptation actions in Bangladesh /
|c Rajib Shaw, Fuad Mallick, Aminul Islam, Editors
|
| 260 |
|
|
|a Tokyo :
|b Springer,
|c 2013
|
| 300 |
|
|
|a ix, 420 pages :
|b ill. (some color) ;
|c 24 cm.
|
| 490 |
|
|
|a Disaster risk reduction
|
| 504 |
|
|
|a Includes bibliographical references
|
| 541 |
|
|
|e 27688
|
| 650 |
|
|
|a Climatic changes
|x Risk management
|z Bangladesh
|9 3446
|
| 650 |
|
|
|a Climatic changes
|x Environmental aspects
|z Bangladesh
|9 1861
|
| 700 |
|
|
|a Shaw, Rajib.
|9 3420
|
| 700 |
|
|
|a Mallick, Fuad Hassan.
|9 3447
|
| 700 |
|
|
|a Islam, M Aminul.
|9 3448
|
| 852 |
|
|
|a Ayesha Abed Library
|
| 942 |
|
|
|2 ddc
|c BK
|
| 999 |
|
|
|c 14066
|d 14066
|
| 952 |
|
|
|0 0
|1 0
|2 ddc
|4 0
|6 363_738749549200000_CLI
|7 0
|9 23643
|a BRACUL
|b BRACUL
|c GEN
|d 2013-11-02
|e Karim International
|g 9400.00
|l 5
|m 17
|o 363.7387495492 CLI
|p 3010027688
|r 2022-09-15
|s 2022-03-15
|t 2
|w 2013-11-02
|y BK
|